书目信息 |
| 题名: |
八月桂花遍地开
|
|
| 作者: | 沈靖, 著 | |
| 分册: | ||
| 出版信息: | 郑州 大象出版社 2013.12 |
|
| 页数: | 328页 | |
| 开本: | 24cm | |
| 丛书名: | ||
| 单 册: | ||
| 中图分类: | I247.5 | |
| 科图分类: | ||
| 主题词: | 长篇小说--chang pian xiao shuo--中国--当代 | |
| 电子资源: | ||
| ISBN: | 978-7-5347-7936-7 | |
| 000 | 00781nam0 2200229 450 | |
| 001 | 202020139319 | |
| 005 | 20200926181346.0 | |
| 010 | @a978-7-5347-7936-7@dCNY27.00 | |
| 100 | @a20200916d2013 em y0chiy50 ea | |
| 101 | 0 | @achi |
| 102 | @aCN@b410000 | |
| 105 | @ay z 000yy | |
| 106 | @ar | |
| 200 | 1 | @a八月桂花遍地开@Aba yue gui hua bian di kai@f沈靖著 |
| 210 | @a郑州@c大象出版社@d2013.12 | |
| 215 | @a328页@d24cm | |
| 330 | @a本书以32师师长周维炯为原型, 小说力达还原历史, 探求忠诚本质, 多侧面多角度考证那些悬而未决的疑案, 深层次阐释红军和鄂豫皖苏区人民的精神家园和信仰基石。 | |
| 606 | 0 | @a长篇小说@Achang pian xiao shuo@y中国@z当代 |
| 690 | @aI247.5@v5 | |
| 701 | 0 | @a沈靖,@Ashen jing@f1965-@4著 |
| 801 | 0 | @aCN@c20140423 |
| 905 | @a河南城建学院图书馆@dI247.5@eS392 | |
| 八月桂花遍地开/沈靖著.-郑州:大象出版社,2013.12 |
| 328页;24cm |
| ISBN 978-7-5347-7936-7:CNY27.00 |
| 本书以32师师长周维炯为原型, 小说力达还原历史, 探求忠诚本质, 多侧面多角度考证那些悬而未决的疑案, 深层次阐释红军和鄂豫皖苏区人民的精神家园和信仰基石。 |
| ● |
| 相关链接 |
|
|
|
正题名:八月桂花遍地开
索取号:I247.5/S392
 
预约/预借
| 序号 | 登录号 | 条形码 | 馆藏地/架位号 | 状态 | 备注 |
| 1 | 1488991 | 214889913 | 文学库108/108文学库 36排3列3层/ [索取号:I247.5/S392] | 在馆 | |
| 2 | 1488992 | 214889922 | 文学库108/108文学库 36排3列3层/ [索取号:I247.5/S392] | 在馆 | |
| 3 | 1488993 | 214889931 | 文学库108/108文学库 36排3列3层/ [索取号:I247.5/S392] | 在馆 |